| 000 | 00322pam a2200133 a 4500 | ||
|---|---|---|---|
| 020 | _c | ||
| 041 | _h | ||
| 082 |
_a658.1 _bROC |
||
| 100 | _aChery dargel . | ||
| 245 |
_aThe Little Book of Big Promotions _hTextual Documents |
||
| 260 |
_a[s.l]: _bPage One Publishing , _c2007. |
||
| 300 |
_a351: _bpaper. |
||
| 930 | _a6144 | ||
| 999 |
_c239934 _d239934 |
||